00655nam0a22002051 4500001001500000005001700015035002600032100004100058101000800099102000700107105001800114200014500132210005000277215001500327700001800342801001800360801002200378801002700400852002200427v19\rc\190698420251118180540.0 a(NLR Aleph) 004996127 a20080404d1911 u y0rusy50 ca0 arus aRU ay z |||||1 aХронология полицейского праваeСправ. пособие при изуч. полиц. праваfК. План aСанкт-ПетербургcДелоd1911 a32 с.d22 1aПланbК. 0aRUbNLRgpsbo 0aRUbRuMoRGB2psbo 1aRUbProSoft-M2rusmarc aNLRj18.329.2.320